Use of National Design Award in Marketing Communication

Dizajn ako nástroj stratégie diferenciácie. Úloha ocenenia za dizajn a dizajn v marketingovej propagácii. Využitie ceny slovenského dizajnu pri propagácii víťazov prostredníctvom internetu.

Gespeichert in:
Bibliographische Detailangaben
1. Verfasser: Strhan, Rastislav, 1968-
Format: Buchkapitel
Sprache:Englisch
Schlagworte:
Tags: Tag hinzufügen
Keine Tags, Fügen Sie das erste Tag hinzu!

MARC

LEADER 00000naa$a2200000$$$4500
001 0259484
005 20240502074114.7
041 0 |a eng 
044 |a SK 
245 1 0 |a Use of National Design Award in Marketing Communication  |c Rastislav Strhan 
520 |a Dizajn ako nástroj stratégie diferenciácie. Úloha ocenenia za dizajn a dizajn v marketingovej propagácii. Využitie ceny slovenského dizajnu pri propagácii víťazov prostredníctvom internetu. 
610 2 0 |a dizajn 
610 2 0 |a komunikácia marketingová 
610 2 0 |a kvalita výrobkov 
610 2 0 |a konkurencia 
610 2 0 |a podpora predaja 
100 1 |a Strhan, Rastislav, 1968-